Geology and oil resources of the Jonesville district, Lee County, Virginia / (Record no. 28914)

MARC details
000 -LEADER
fixed length control field 01165cam a22003251a 4500
001 - CONTROL NUMBER
control field gs 54000318
003 - CONTROL NUMBER IDENTIFIER
control field DLC
005 - DATE AND TIME OF LATEST TRANSACTION
control field 20260227111402.0
008 - FIXED-LENGTH DATA ELEMENTS--GENERAL INFORMATION
fixed length control field 780930s1954 dcuab b f001 0 eng
010 ## - LIBRARY OF CONGRESS CONTROL NUMBER
LC control number gs 54000318
035 ## - SYSTEM CONTROL NUMBER
System control number (OCoLC)4257158
040 ## - CATALOGING SOURCE
Original cataloging agency DLC
Transcribing agency OClU
Modifying agency DNAL
-- DLC
042 ## - AUTHENTICATION CODE
Authentication code premarc
050 00 - LIBRARY OF CONGRESS CALL NUMBER
Classification number QE75
Item number .B9 no. 990
070 0# - NATIONAL AGRICULTURAL LIBRARY CALL NUMBER
Classification number 407
Item number G29B no.990
072 0# - SUBJECT CATEGORY CODE
Subject category code X400
-- P100
100 1# - MAIN ENTRY--PERSONAL NAME
Personal name Miller, Ralph L.
Fuller form of name (Ralph Le Roy),
Dates associated with a name 1909-
245 10 - TITLE STATEMENT
Title Geology and oil resources of the Jonesville district, Lee County, Virginia /
Statement of responsibility, etc. by Ralph L. Miller and William P. Brosgé.
260 ## - PUBLICATION, DISTRIBUTION, ETC.
Place of publication, distribution, etc. Washington, [D.C.] :
Name of publisher, distributor, etc. U.S. G.P.O.,
Date of publication, distribution, etc. 1954.
300 ## - PHYSICAL DESCRIPTION
Extent vii, 240 p. :
Other physical details ill., maps (2 col.) ;
Dimensions 24 cm.
440 #0 - SERIES STATEMENT/ADDED ENTRY--TITLE
Title Geological Survey bulletin ;
Volume/sequential designation 990
500 ## - GENERAL NOTE
General note Eight folded leaves in pocket.
500 ## - GENERAL NOTE
General note Prepared in cooperation with the Virginia Geological Survey.
504 ## - BIBLIOGRAPHY, ETC. NOTE
Bibliography, etc. note Bibliography: p. 234-236.
500 ## - GENERAL NOTE
General note Includes index.
650 #0 - SUBJECT ADDED ENTRY--TOPICAL TERM
Topical term or geographic name entry element Geology
Geographic subdivision Virginia
-- Lee County.
650 #0 - SUBJECT ADDED ENTRY--TOPICAL TERM
Topical term or geographic name entry element Petroleum
Geographic subdivision Virginia
-- Lee County.
650 #0 - SUBJECT ADDED ENTRY--TOPICAL TERM
Topical term or geographic name entry element Mines and mineral resources
Geographic subdivision Virginia
-- Lee County.
700 1# - ADDED ENTRY--PERSONAL NAME
Personal name Brosgé, William Peters,
Dates associated with a name 1921-

No items available.

Powered by Koha